| 000 | 00428nam a2200157 a 4500 | ||
|---|---|---|---|
| 005 | 20140412111323.0 | ||
| 008 | 010321s19uu xx 00 eng d | ||
| 020 | _a1-85038-2409 | ||
| 050 |
_aER _bNu93 2000 |
||
| 245 | _aNursery rhymes, 3. | ||
| 260 |
_a[s.l.] : _bHolland Enterprise Limited, _c[n.d.] |
||
| 300 | _a1 v. (unp.) ; ill. | ||
| 440 | _aSeries of Nursery Rhymes Board Books | ||
| 650 | _aRhymes | ||
| 999 |
_c104452 _d104452 |
||